| 000 | 01454nam a22003737a 4500 | ||
|---|---|---|---|
| 003 | CHAP | ||
| 005 | 20220329143325.0 | ||
| 008 | 080801s2008 mx r 00010 spa d | ||
| 010 | _a94988 | ||
| 011 | _a95960 | ||
| 035 | _a106596 | ||
| 040 | _cCHAP | ||
| 090 | _aTesis | ||
| 100 | 1 |
_aYescas Vásquez, Gabriel. _9123095 |
|
| 245 | 1 | 0 |
_aEvaluación del comportamiento en el desarrollo de becerras lecheras de reemplazo Holstein utilizando decoquinato al 6 % _c/por Gabriel Yescas Vásquez |
| 260 |
_aBermejillo, Dgo. : _bEl autor, _c2008 |
||
| 300 |
_avi, 158 h. : _bgráfs. ; cuadros |
||
| 502 | _aTesis (Ing. Agr. en Sistemas Pecuarios de Zonas Áridas) -- UACH. Unidad Regional Universitaria de Zonas Áridas | ||
| 590 |
_aALEPH _b10 _c20130110 _lUCH01 _h1523 |
||
| 590 |
_aBATCH-UPD _b10 _c20130110 _lUCH01 _h0835 |
||
| 590 |
_aBATCH-UPD _b10 _c20130410 _lUCH01 _h0513 |
||
| 590 |
_aBATCH-UPD _b10 _c20130914 _lUCH01 _h0819 |
||
| 590 |
_aCONVERSION _b10 _c20130109 _lUCH01 _h1353 |
||
| 650 | 1 | 4 |
_aCalostro _xValor nutritivo. _917584 |
| 650 | 1 | 4 |
_aCoccidiostáticos. _924202 |
| 650 | 1 | 4 |
_aGanado Holstein. _945133 |
| 650 | 1 | 4 |
_aGanado lechero _xAlimentación. _945238 |
| 650 | 1 | 4 |
_aGanado lechero _xPeso. _945286 |
| 650 | 1 | 4 |
_aLeche _xComposición. _965363 |
| 901 | _aBK | ||
| 942 | _cFOLL | ||
| 949 |
_aTesis _bBC _cTES _d33724002067090 _eTS2 _fc.2 _gDonaciØn _h47802 _i106596 _sb |
||
| 949 |
_aTesis _bBC _cTES _d33724002067132 _eTS1 _gDonaciØn _h47801 _i106596 _sb |
||
| 999 |
_c94988 _d94988 |
||